000 01548nam a22003495i 4500
001 178583
003 ES-MaACL
005 20251002162511.0
008 110608s1968 sp o |||| | spa d
080 _a821.134.2-2"19"
245 0 0 _aTeatro español.
_p1966-1967 /
_cprólogo, notas y apéndice por Federico Carlos Sainz de Robles.
260 _aMadrid :
_bAguilar,
_c[1968]
300 _aXXXV, 386, [10] p. de fot. bl. y n. ;
_c21 cm.
490 1 _aColección literaria. Novelistas, dramaturgos, ensayistas, poetas
505 8 0 _aContiene: Ninette (modas de París) / Miguel Mihura. Oficio de tinieblas / Alfonso Sastre. Corona de amor y muerte / Alejandro Casona. Desde Isabel, con amor / Alfonso Paso. La muchacha del sombrerito rosa / Víctor Ruiz Iriarte
650 4 _aTeatro español-
_yS.XX.
_917356
700 1 _aSainz de Robles, Federico Carlos,
_d1898-1982
_9101593
_eaui
700 1 _aMihura, Miguel.
_981058
_eaut
700 1 _aSastre, Alfonso,
_d1926-
_eaut
_9103915
700 1 _aCasona, Alejandro,
_d1903-1965
_eaut
_9171490
700 1 _aPaso, Alfonso
_989420
_eaut
700 1 _aRuiz Iriarte, Víctor,
_9100836
_d1912-1982
_eaut
740 0 2 _aNinette (modas de París)
740 0 2 _aOficio de tinieblas.
740 0 2 _aCorona de amor y muerte.
740 0 2 _aDesde Isabel, con amor.
740 3 2 _aLa muchacha del sombrerito rosa.
830 0 _aColección literaria. Novelistas, dramaturgos, ensayistas, poetas
_9183856
852 _aES-MaACL
_jE-15350
_xOlim P-83
942 _2udc
999 _c178583
_d178583